The Brhadaranyaka Upanisad (Record no. 1247687)

MARC details
000 -LEADER
fixed length control field 00509nam a2200193Ia 4500
008 - FIXED-LENGTH DATA ELEMENTS--GENERAL INFORMATION
fixed length control field 151121s9999||||xx |||||||||||||| ||und||
082 ## - DEWEY DECIMAL CLASSIFICATION NUMBER
Classification number 294।5 /Mad
082 ## - DEWEY DECIMAL CLASSIFICATION NUMBER
Item number HNW-66190
100 ## - MAIN ENTRY--PERSONAL NAME
Personal name Madhavananda Swami
245 #4 - TITLE STATEMENT
Title The Brhadaranyaka Upanisad
260 ## - PUBLICATION, DISTRIBUTION, ETC. (IMPRINT)
Name of publisher, distributor, etc "Advait Ashram, Calcutta।"
260 ## - PUBLICATION, DISTRIBUTION, ETC. (IMPRINT)
Date of publication, distribution, etc --
300 ## - PHYSICAL DESCRIPTION
Extent 670
600 ## - SUBJECT ADDED ENTRY--PERSONAL NAME
Personal name Madhavananda Swami
630 ## - SUBJECT ADDED ENTRY--UNIFORM TITLE
Uniform title The Brhadaranyaka Upanisad
700 ## - ADDED ENTRY--PERSONAL NAME
Personal name Madhavananda Swami
730 ## - ADDED ENTRY--UNIFORM TITLE
Uniform title The Brhadaranyaka Upanisad
942 ## - ADDED ENTRY ELEMENTS (KOHA)
Koha item type Book
Holdings
Withdrawn status Lost status Damaged status Not for loan Home library Current library Date acquired Cost, normal purchase price Total Checkouts Full call number Barcode Date last seen Cost, replacement price Price effective from Koha item type
        Hirachand Nemchand Wachanalaya, Solapur Hirachand Nemchand Wachanalaya, Solapur 11/21/2015 25.00   HNW-66190 HNW-66190 11/21/2015 25.00 11/21/2015 Book